ბათუმის შოთა რუსთაველის სახელმწიფო უნივერსიტეტის ბიბლიოთეკა

Сборник задач по теории автоматического регулирования и управления. (ბიბ.ჩანაწერი № 47824)

000 -LEADER
fixed length control field 00833nam a2200217Ia 4500
001 - CONTROL NUMBER
control field 14698
003 - CONTROL NUMBER IDENTIFIER
control field GE_BSU
008 - FIXED-LENGTH DATA ELEMENTS--GENERAL INFORMATION
fixed length control field 181216s||||||||xx |||||||||||||| ||und||
040 ## - CATALOGING SOURCE
Transcribing agency GE_BSU
080 ## - UNIVERSAL DECIMAL CLASSIFICATION NUMBER
Universal Decimal Classification number 621.078(076)
245 ## - TITLE STATEMENT
Title Сборник задач по теории автоматического регулирования и управления.
245 ## - TITLE STATEMENT
Statement of responsibility, etc. Под ред. В.А.Бесекерско. Ред. Р.Т.Янушевский.
250 ## - EDITION STATEMENT
Edition statement Изд 3-ое, перераб.и дополнен.
260 ## - PUBLICATION, DISTRIBUTION, ETC.
Place of publication, distribution, etc. М.
260 ## - PUBLICATION, DISTRIBUTION, ETC.
Name of publisher, distributor, etc. Наука.
260 ## - PUBLICATION, DISTRIBUTION, ETC.
Date of publication, distribution, etc. 1969.
300 ## - PHYSICAL DESCRIPTION
Extent 587 стр. 22 см. с илл. 376 библиогр.
300 ## - PHYSICAL DESCRIPTION
Accompanying material 32 табл.
653 ## - INDEX TERM--UNCONTROLLED
Uncontrolled term Сборник задач по теории автоматического регулирования и управления.
942 ## - ADDED ENTRY ELEMENTS (KOHA)
Koha item type წიგნი

არაა ხელმისაწვდომი ეგზემპლარები.